| 000 | 00704nam a2200241 a 4500 | ||
|---|---|---|---|
| 001 | BRCA_5376 | ||
| 005 | 20190320205043.0 | ||
| 008 | 081210s1911----gw-a######---#000-0#ger-# | ||
| 041 | _ager | ||
| 044 | _agw | ||
| 050 | 4 |
_aND653 _b.K53 1911 |
|
| 100 | 1 |
_aKnackfuss, H. _913362 |
|
| 245 | 1 | 0 |
_aRembrandt _cvon H. Knackfuss |
| 260 |
_aBielefeld, Alemania _bVelhagen & Klasing _c1911 |
||
| 300 |
_a168 p. _bil. (algunas a color), 166 láminas _c25 cm. |
||
| 440 | 0 |
_aKünstler Monographien _v3 _913466 |
|
| 500 | _aEdición con cantos dorados | ||
| 500 | _aE118 | ||
| 600 | 1 | 4 |
_aRembrandt Harmenszoon van Rijn _d1607-1669 _97357 |
| 650 | 1 | 4 |
_aPintores holandeses _913755 |
| 902 | _aGFM | ||
| 942 |
_2lcc _cB |
||
| 999 |
_c5070 _d5070 |
||